| 000 | 00405cam a22001217a 4500 | ||
|---|---|---|---|
| 008 | 180718b1953 xxu||||| |||| 00| 0 eng d | ||
| 082 | _aA81x54 In2/51/2/2 C | ||
| 100 | _aCensus of India 1951 | ||
| 245 | _aUttar Pradesh: age and social tables | ||
| 260 |
_aAllahabad _bSuperintendent, Printing and Stationery _c1953 |
||
| 300 | _a817+p. | ||
| 440 | _aCensus of India 1951. Volume II, Uttar Pradesh. Part II-C | ||
| 999 |
_c483567 _d483567 |
||